• 首页
  • 本馆介绍
  • 公告通知
  • 最新文献
  • 馆藏检索
  • 电子资源
  • 读者导购
  • 参考咨询
  • 我的图书馆
  • 登录
  • 详细信息显示
  • 放入我的书架
  • 预约/预借图书
  • 作者相关作品
  • 分类相关作品
  • 丛书相关作品
  • 出版社相关作品

书目信息

  • 表格格式
  • 工作单格式
  • 卡片格式
题名:
中国现代语言学家
    
 
作者: 《中国语言学家》编写组编
分册: 第一分册  
出版信息: 石家庄   河北人民出版社  1981
页数: 302页
开本: 21cm
丛书名:
单 册:
中图分类: H1-53 , H0
科图分类:
主题词: 语言学-汉语--中国--现代--文集 , 汉语-语言学--中国--现代--文集 , 语言学
电子资源:
ISBN:
000 00664nam0 2200241 450
001 1553169248
005 20150127145820.07
010    @dCNY0.88
091    @a9086.26
100    @a19950610d1981 emky0chiy0110 ea
101 0  @achi
102    @aCN@b130000
105    @ay z 000yc
200 1  @a中国现代语言学家@9zhong guo xian dai yu yan xue jia@h第一分册@f《中国语言学家》编写组编
210    @a石家庄@c河北人民出版社@d1981
215    @a302页@d21cm
606 0  @a语言学-汉语@y中国@z现代@x文集
606 0  @a汉语-语言学@y中国@z现代@x文集
606 0  @a语言学
690    @aH1-53@v5
690    @aH0@v4
801  0 @aCN@bTSSF@c20150127
905    @aZUCC@dH0@eJY30:1
    
    中国现代语言学家.第一分册/《中国语言学家》编写组编.-石家庄:河北人民出版社,1981
    302页;21cm
    
    
    ISBN :CNY0.88
    
●
相关链接 在E读中查询图书 在五车中查询图书 在当当中查询图书 在豆瓣中查询图书


正题名:中国现代语言学家     索取号:H0/JY30:1         预约/预借

序号 登录号 条形码 馆藏地/架位号 状态 备注
1 7839095   278390956   学院路分馆/ [索取号:H0/JY30:1] 在馆    
2 7839110   278391107   学院路分馆/ [索取号:H0/JY30:1] 在馆    
3 7839111   278391116   学院路分馆/ [索取号:H0/JY30:1] 在馆    
4 7839112   278391125   学院路分馆/ [索取号:H0/JY30:1] 在馆    
唐山师范学院图书馆 欢迎您!
大连网信软件有限公司© 版权所有